000 00512 a2200169 4500
005 20250305144620.0
008 250207b |||||||| |||| 00| 0 eng d
020 _a9781484277287
080 _a004.8:614
_bARJ/M
100 _aArjun Panesar
245 _aMachine learning and AI for healthcare
_b: big data for improved health outcomes
260 _bApress
_aBerkeley
_c2021
300 _axxvii,407p.
653 _a Artificial intelligence -- Medical applications
653 _aMachine learning
942 _cBK
999 _c114027
_d114026